| 000 | 01242nac a22002891u 4500 | ||
|---|---|---|---|
| 010 | _a 2005926977 | ||
| 020 | _a0761967915 | ||
| 020 | _a0761967923 (pbk.) | ||
| 035 | _a(OCoLC)ocm52358153 | ||
| 082 | 0 | 4 |
_a351.0285 _bHEE |
| 090 |
_c7436 _d7436 |
||
| 100 | _aHeeks, Richard. | ||
| 245 | 1 | 0 |
_aImplementing and managing eGovernment : _ban international text / _cRichard Heeks. |
| 260 |
_aLondon ; _aThousand Oaks, Calif. : _bSAGE,2006 _c2006. |
||
| 300 |
_aix, 293 p. : _bill. ; _c25 cm. |
||
| 500 | _adistributer: Al-Ahram | ||
| 504 | _aIncludes bibliographical references (p. [274]-284) and index. | ||
| 511 | _acatalogued by: wessam | ||
| 650 | 0 | _aInternet in public administration. | |
| 650 | 0 | _aGovernment communication systems. | |
| 650 | 0 |
_aPublic administration _xData processing. |
|
| 650 | 0 |
_aInformation technology _xGovernment policy. |
|
| 856 | 4 | 2 |
_3Publisher description _uhttp://www.loc.gov/catdir/enhancements/fy0666/2005926977-d.html |
| 856 | 4 | 2 |
_3Table of contents only _uhttp://www.loc.gov/catdir/enhancements/fy0666/2005926977-t.html |
| 942 |
_cBB _k351.0285HEE |
||
| 999 |
_c7436 _d7436 |
||